000 00707cab a2200265 4500
001 X1795
008 090401t1995 xxu||||| |||| 00| 0 eng d
035 _a(Sirsi) u19350
041 _aeng
245 _a1995 revaluation lobbying begins
260 _c1995
350 _a0
490 _aCSM (Chartered Surveyor Monthly)
_v4(3) January 1995, 5(1)
650 _aAPPEAL PERIOD
650 _aAPPEALS
650 _aABOUT RICS-RELATED ORGANISATIONS-INCORPORATED SOCIETY OF VALUERS AND AUCTIONEERS
650 _aPHASING
650 _aREVALUATION
650 _aRICS
650 _aRSA
650 _aTRANSITIONAL ARRANGEMENTS
690 _aRATING AND VALUATION
942 _n0
948 _c04/03/1997
999 _c12910
_d12910